Sports Quiz

Random Sports or NBA Quiz

NBA Highest Scoring Rookie By Team Quiz Stats

Quiz Updated Aug 20, 2015

Challenge
Share
Tweet
Embed
Score 0/30 Timer 06:00
9 Plays Today
Team Player % Correct
Chicago BullsMichael Jordan
92.9%
Boston CelticsLarry Bird
90.5%
Oklahoma City ThunderKevin Durant
81.9%
Miami HeatDwyane Wade
80.2%
Orlando MagicShaquille O'Neal
79.6%
Denver NuggetsCarmelo Anthony
77.7%
Philadelphia 76ersAllen Iverson
77.1%
Golden State WarriorsWilt Chamberlain
75%
Milwaukee BucksKareem Abdul-Jabbar
73%
San Antonio SpursDavid Robinson
73%
New Orleans PelicansChris Paul
56.9%
Sacramento KingsOscar Robertson
52.8%
Los Angeles LakersGeorge Mikan
51.4%
Charlotte HornetsAlonzo Mourning
49.7%
Brooklyn NetsBernard King
40.7%
Team Player % Correct
Phoenix SunsWalter Davis
38.9%
Houston RocketsElvin Hayes
38.1%
Atlanta HawksPete Maravich
37.3%
Memphis GrizzliesShareef Abdur-Rahim
27.7%
Toronto RaptorsDamon Stoudamire
24.8%
Cleveland CavaliersRon Harper
17.4%
Minnesota TimberwolvesChristian Laettner
16%
Washington WizardsWalt Bellamy
13.8%
Detroit PistonsKelly Tripucka
10.4%
Los Angeles ClippersTerry Cummings
9.1%
Utah JazzDarrell Griffith
8.5%
New York KnicksBill Cartwright
7.8%
Portland Trail BlazersGeoff Petrie
6.7%
Indiana PacersClark Kellogg
5.3%
Dallas MavericksJay Vincent
2.6%

You're not logged in!

Compare scores with friends on all Sporcle quizzes.
Join for Free
OR
Log In

You Might Also Like...

Show Comments

Extras

Top Quizzes Today


Score Distribution

Your Account Isn't Verified!

In order to create a playlist on Sporcle, you need to verify the email address you used during registration. Go to your Sporcle Settings to finish the process.

Report this User

Report this user for behavior that violates our Community Guidelines.

Details: